[Event "Wloclawek-ch"]
[Site "Wloclawek"]
[Date "2015.??.??"]
[Round "2"]
[White "Jeziorny, Janusz"]
[Black "Ptaszynski, Piotr"]
[Result "1/2-1/2"]
[WhiteElo "1780"]
[BlackElo "1800"]
[PlyCount "123"]
[EventDate "2015.09.??"]
[EventType "swiss"]
[EventRounds "9"]
[EventCountry "POL"]
[SourceTitle "EXT 2021"]
[Source "ChessBase"]
[SourceDate "2020.10.23"]
[SourceVersion "1"]
[SourceVersionDate "2020.10.23"]
[SourceQuality "1"]

1. e4 c5 2. Nf3 d6 3. Bb5+ Bd7 4. Bxd7+ Nxd7 5. 0-0 Ngf6 6. Re1 e5 7. c3 Be7 8. d4 0-0 9. Nbd2 b5 10. Nf1 h6 11. Ng3 Re8 12. dxe5 Nxe5 13. Nxe5 dxe5 14. Qe2 Qd7 15. Rd1 Qc6 16. f3 Bf8 17. Be3 Red8 18. Rxd8 Rxd8 19. Rd1 Rxd1+ 20. Qxd1 Qd6 21. Qe2 a6 22. Kf2 c4 23. Nf5 Qc6 24. Qd2 Kh7 25. Qd8 Bc5 26. Ke2 Bxe3 27. Nxe3 Qd7 28. Qxd7 Nxd7 29. b3 cxb3 30. axb3 a5 31. Kd2 f6 32. Kc2 Kg6 33. Nd5 Kf7 34. Nc7 b4 35. cxb4 axb4 36. Nd5 Ke6 37. Nxb4 f5 38. exf5+ Kxf5 39. Kd3 Nf6 40. Nc2 e4+ 41. fxe4+ Nxe4 42. Ke3 Nd6 43. b4 Ke5 44. Kd3 g5 45. Ne3 Kf4 46. Nd5+ Ke5 47. Nc3 g4 48. b5 h5 49. b6 Nb7 50. Ne4 Kf4 51. Kd4 h4 52. Nc5 Na5 53. Ne6+ Kf5 54. Nd8 Kf4 55. b7 Nxb7 56. Nxb7 h3 57. g3+ Kf3 58. Nd6 Kg2 59. Ke3 Kxh2 60. Kf2 Kh1 61. Ne4 h2 62. Kf1 1/2-1/2

[Event "Wloclawek-ch"]
[Site "Wloclawek"]
[Date "2015.??.??"]
[Round "1"]
[White "Ptaszynski, Piotr"]
[Black "Kaczynski, Maciej"]
[Result "1-0"]
[WhiteElo "1800"]
[BlackElo "1573"]
[PlyCount "59"]
[EventDate "2015.09.??"]
[EventType "swiss"]
[EventRounds "9"]
[EventCountry "POL"]
[SourceTitle "EXT 2021"]
[Source "ChessBase"]
[SourceDate "2020.10.23"]
[SourceVersion "1"]
[SourceVersionDate "2020.10.23"]
[SourceQuality "1"]

1. d4 e6 2. e4 f5 3. exf5 exf5 4. Nf3 Nf6 5. Bd3 d5 6. 0-0 Be7 7. Bg5 0-0 8. c4 c6 9. Nc3 dxc4 10. Bxc4+ Kh8 11. Re1 b5 12. Bb3 Nbd7 13. a4 b4 14. Ne2 Bd6 15. Nf4 Bxf4 16. Bxf4 Nd5 17. Bg5 N7f6 18. Ne5 Bb7 19. Rc1 Rc8 20. Rc5 Qd6 21. Nc4 Qb8 22. Bxf6 Rxf6 23. Ne5 Rd8 24. Bxd5 Rxd5 25. Rxd5 cxd5 26. Nd7 Qd8 27. Nxf6 gxf6 28. Qh5 Bc6 29. Qf7 Bxa4 30. Re7 1-0

[Event "Wloclawek-ch"]
[Site "Wloclawek"]
[Date "2015.??.??"]
[Round "8"]
[White "Ptaszynski, Piotr"]
[Black "Lebiedzinski, Maciej"]
[Result "1-0"]
[WhiteElo "1800"]
[BlackElo "1575"]
[PlyCount "135"]
[EventDate "2015.09.??"]
[EventType "swiss"]
[EventRounds "9"]
[EventCountry "POL"]
[SourceTitle "EXT 2021"]
[Source "ChessBase"]
[SourceDate "2020.10.23"]
[SourceVersion "1"]
[SourceVersionDate "2020.10.23"]
[SourceQuality "1"]

1. d4 Nf6 2. Nf3 d5 3. c4 c6 4. e3 e6 5. Bd3 Be7 6. 0-0 dxc4 7. Bxc4 0-0 8. Nc3 Nbd7 9. a3 Qc7 10. e4 Rd8 11. Qe2 Nf8 12. Bg5 Ng6 13. g3 Ne8 14. Bxe7 Qxe7 15. e5 b6 16. Rad1 Bb7 17. Rd2 a5 18. Rfd1 b5 19. Bd3 Rd7 20. Ne4 Rad8 21. Nc5 Rc7 22. Nxb7 Rxb7 23. Be4 Rb6 24. Qe3 Rdb8 25. Rc2 Qd7 26. Rdc1 Ne7 27. Qd3 f5 28. exf6 Nxf6 29. Ne5 Qd6 30. Bxc6 Rd8 31. Bxb5 Nf5 32. Nc6 Rf8 33. a4 Nd5 34. Re2 Rf6 35. Qe4 Rh6 36. Ne5 Rb8 37. Rc6 Qe7 38. Ng4 Rg6 39. Rxe6 Rxe6 40. Qxe6+ Qxe6 41. Rxe6 Nc7 42. Bc4 Kf8 43. Rc6 Ne8 44. Ne5 Rxb2 45. d5 Rb4 46. Bb5 Nd4 47. Rc5 Nd6 48. Bc6 Ne4 49. Rxa5 Ng5 50. h4 Ne4 51. Ra8+ Ke7 52. Re8+ Kf6 53. Kg2 Nd6 54. Nd7+ Kf5 55. Re5+ Kg6 56. h5+ Kf7 57. Rg5 Ne4 58. Rg4 Nf6 59. Rf4 Ke7 60. Nxf6 gxf6 61. a5 Nxc6 62. dxc6 Rxf4 63. gxf4 Kd6 64. Kf3 Kxc6 65. Ke4 Kb5 66. Kf5 Kxa5 67. Kxf6 Kb6 68. Ke6 1-0

[Event "Wloclawek-ch"]
[Site "Wloclawek"]
[Date "2015.??.??"]
[Round "3"]
[White "Ptaszynski, Piotr"]
[Black "Sztuka, Cezary"]
[Result "1-0"]
[WhiteElo "1800"]
[BlackElo "1719"]
[PlyCount "97"]
[EventDate "2015.09.??"]
[EventType "swiss"]
[EventRounds "9"]
[EventCountry "POL"]
[SourceTitle "EXT 2021"]
[Source "ChessBase"]
[SourceDate "2020.10.23"]
[SourceVersion "1"]
[SourceVersionDate "2020.10.23"]
[SourceQuality "1"]

1. d4 f5 2. e4 fxe4 3. Nc3 Nf6 4. Bg5 c6 5. Bxf6 exf6 6. Nxe4 d5 7. Ng3 Bd6 8. Qe2+ Qe7 9. 0-0-0 Qxe2 10. Bxe2 Bf4+ 11. Kb1 g6 12. h3 a5 13. Bd3 Bd7 14. Re1+ Kd8 15. Nf3 Na6 16. c3 b5 17. Re2 Kc7 18. Rhe1 Rhe8 19. Rxe8 Rxe8 20. Rxe8 Bxe8 21. Ne2 Bd6 22. g4 c5 23. dxc5 Nxc5 24. Bc2 Ne4 25. Bxe4 dxe4 26. Nfd4 Kb6 27. Kc2 Bf7 28. a3 b4 29. axb4 axb4 30. f3 exf3 31. Nxf3 Bd5 32. Nd2 bxc3 33. bxc3 Be6 34. Nd4 Bf7 35. Kd3 Bf4 36. Ne4 Bg5 37. c4 h5 38. Nd6 Bg8 39. Ne4 hxg4 40. hxg4 Bh7 41. Nxg5 fxg5 42. Ne6 Bg8 43. Nxg5 Kc5 44. Ne4+ Kb4 45. c5 Bd5 46. g5 Bc6 47. Kd4 Bxe4 48. Kxe4 Kxc5 49. Ke5 1-0

[Event "Wloclawek CC Classic 11th"]
[Site "Wloclawek"]
[Date "2014.??.??"]
[Round "7"]
[White "Kozlinski, Marcin"]
[Black "Ptaszynski, Piotr"]
[Result "1-0"]
[WhiteElo "1586"]
[BlackElo "1800"]
[PlyCount "117"]
[EventDate "2014.06.??"]
[EventType "swiss"]
[EventRounds "7"]
[EventCountry "POL"]
[SourceTitle "EXT 2021"]
[Source "ChessBase"]
[SourceDate "2020.10.23"]
[SourceVersion "1"]
[SourceVersionDate "2020.10.23"]
[SourceQuality "1"]

1. e4 c5 2. Nf3 d6 3. d4 cxd4 4. Nxd4 Nc6 5. c3 Nf6 6. Bb5 Bd7 7. f3 Nxd4 8. Bxd7+ Qxd7 9. cxd4 g6 10. Qb3 Bg7 11. Be3 0-0 12. 0-0 Rfc8 13. Nc3 a6 14. Na4 Qb5 15. Qxb5 axb5 16. Nb6 Rcb8 17. Nxa8 Rxa8 18. Rfc1 Ne8 19. Rc2 f5 20. b3 f4 21. Bf2 Kf7 22. a4 h5 23. Raa2 g5 24. axb5 Rxa2 25. Rxa2 Nc7 26. b6 Nb5 27. Ra4 g4 28. Rb4 Nc3 29. Rc4 g3 30. hxg3 fxg3 31. Be3 Nb5 32. Kf1 h4 33. Ke2 Na3 34. Rc7 Nb5 35. Rxb7 Nxd4+ 36. Bxd4 Bxd4 37. Kf1 Ke6 38. Rb8 Kd7 39. b7 Kc7 40. Re8 Kxb7 41. Rxe7+ Kc6 42. Rh7 Bf6 43. Rh5 Be7 44. Ke2 Bd8 45. Kd3 Be7 46. Kc4 Kb6 47. b4 Kc6 48. b5+ Kb6 49. Rh6 Ka5 50. Kd5 Kxb5 51. Ke6 Bg5 52. Rh5 Kc4 53. Rxg5 Kd3 54. Rg4 Ke2 55. Rxh4 Kf2 56. Rg4 Kxg2 57. f4 Kf3 58. Rxg3+ Kxg3 59. f5 1-0

[Event "Wloclawek CC Classic 11th"]
[Site "Wloclawek"]
[Date "2014.??.??"]
[Round "6"]
[White "Ptaszynski, Piotr"]
[Black "Milecki, Robert"]
[Result "1/2-1/2"]
[WhiteElo "1800"]
[BlackElo "1509"]
[PlyCount "78"]
[EventDate "2014.06.??"]
[EventType "swiss"]
[EventRounds "7"]
[EventCountry "POL"]
[SourceTitle "EXT 2021"]
[Source "ChessBase"]
[SourceDate "2020.10.23"]
[SourceVersion "1"]
[SourceVersionDate "2020.10.23"]
[SourceQuality "1"]

1. d4 Nf6 2. Nf3 e6 3. c4 b6 4. e3 Bb7 5. Be2 c5 6. 0-0 Be7 7. Nc3 0-0 8. b3 d5 9. Bb2 Nc6 10. cxd5 Nxd5 11. Nxd5 Qxd5 12. dxc5 Qxd1 13. Rfxd1 Bxc5 14. a3 Rfd8 15. b4 Be7 16. Rxd8+ Rxd8 17. Rd1 Rxd1+ 18. Bxd1 Bd6 19. b5 Ne7 20. Ne5 f6 21. Nc4 Bc5 22. Bb3 Kf7 23. a4 Bd5 24. a5 Nc8 25. axb6 axb6 26. Bd4 Bxd4 27. exd4 Bxc4 28. Bxc4 Nd6 29. Bd3 Nf5 30. Bxf5 exf5 31. Kf1 Ke6 32. Ke2 Kd5 33. Kd3 h5 34. f4 h4 35. Kc3 g6 36. Kd3 g5 37. g3 hxg3 38. hxg3 gxf4 39. gxf4 Ke6 1/2-1/2

[Event "Wloclawek-ch"]
[Site "Wloclawek"]
[Date "2014.??.??"]
[Round "6"]
[White "Ptaszynski, Piotr"]
[Black "Papis, Patryk"]
[Result "1/2-1/2"]
[WhiteElo "1800"]
[BlackElo "1000"]
[PlyCount "86"]
[EventDate "2014.09.??"]
[EventType "swiss"]
[EventRounds "9"]
[EventCountry "POL"]
[SourceTitle "EXT 2021"]
[Source "ChessBase"]
[SourceDate "2020.10.23"]
[SourceVersion "1"]
[SourceVersionDate "2020.10.23"]
[SourceQuality "1"]

1. e4 c5 2. f4 d5 3. exd5 Qxd5 4. Nc3 Qd8 5. Nf3 Nc6 6. d3 Nf6 7. h3 a6 8. Be3 e6 9. d4 cxd4 10. Nxd4 Bd7 11. Nxc6 Bxc6 12. Qxd8+ Rxd8 13. Kf2 Be7 14. Be2 0-0 15. Rhd1 Ne4+ 16. Nxe4 Bxe4 17. c3 Bf6 18. Rxd8 Rxd8 19. Rd1 Bd5 20. a3 b5 21. Bf3 Bxf3 22. Rxd8+ Bxd8 23. Kxf3 Bf6 24. Bc5 g5 25. g4 gxf4 26. Kxf4 Bg7 27. g5 h6 28. h4 Kh7 29. Kg4 hxg5 30. hxg5 Kg6 31. Bd6 e5 32. Be7 f5+ 33. gxf6 Bxf6 34. Bd6 Bg5 35. Bxe5 Bc1 36. b3 Bxa3 37. Kf4 Kf7 38. Ke4 Ke6 39. Bc7 Kd7 40. Ba5 Kc6 41. Kd4 Bc5+ 42. Ke5 Bd6+ 43. Ke6 Bf4 1/2-1/2

[Event "Wloclawek CC Classic 06th"]
[Site "Wloclawek"]
[Date "2013.??.??"]
[Round "5"]
[White "Kaczynski, Maciej"]
[Black "Ptaszynski, Piotr"]
[Result "0-1"]
[WhiteElo "1659"]
[BlackElo "1800"]
[PlyCount "106"]
[EventDate "2013.03.??"]
[EventType "swiss"]
[EventRounds "7"]
[EventCountry "POL"]
[SourceTitle "EXT 2021"]
[Source "ChessBase"]
[SourceDate "2020.10.23"]
[SourceVersion "1"]
[SourceVersionDate "2020.10.23"]
[SourceQuality "1"]

1. c4 e6 2. e4 Nc6 3. Nc3 g6 4. d4 Bg7 5. d5 exd5 6. cxd5 Nce7 7. Nf3 d6 8. Bb5+ Bd7 9. 0-0 a6 10. Bxd7+ Qxd7 11. Be3 Nh6 12. h3 f5 13. Qd2 Nf7 14. Ng5 Nxg5 15. Bxg5 0-0 16. Bh6 Bxh6 17. Qxh6 fxe4 18. Nxe4 Nf5 19. Qg5 Kg7 20. h4 Qd8 21. g3 h6 22. Qg4 Nd4 23. Kg2 Nf3 24. Rac1 Qe7 25. Rc3 Ne5 26. Qd1 Rae8 27. Qd4 Kg8 28. Rfc1 Ng4 29. f3 Qe5 30. Qxe5 Nxe5 31. Rxc7 Nxf3 32. R7c3 Nxh4+ 33. gxh4 Rxe4 34. Kg3 h5 35. Rc8 Re7 36. Rxf8+ Kxf8 37. Kf4 Kg7 38. Rc2 Kf6 39. b3 Re5 40. Rc7 Rxd5 41. Rxb7 Rd4+ 42. Kg3 Rg4+ 43. Kh3 Ke5 44. Rb6 d5 45. Rxa6 d4 46. b4 d3 47. Ra8 Rd4 48. Kg3 d2 49. Re8+ Kf6 50. Rf8+ Kg7 51. Rf1 d1Q 52. Rxd1 Rxd1 53. a4 Rd4 0-1

[Event "Wloclawek CC Classic 06th"]
[Site "Wloclawek"]
[Date "2013.??.??"]
[Round "3"]
[White "Kulinski, Krzysztof"]
[Black "Ptaszynski, Piotr"]
[Result "1-0"]
[WhiteElo "2084"]
[BlackElo "1800"]
[PlyCount "63"]
[EventDate "2013.03.??"]
[EventType "swiss"]
[EventRounds "7"]
[EventCountry "POL"]
[SourceTitle "EXT 2021"]
[Source "ChessBase"]
[SourceDate "2020.10.23"]
[SourceVersion "1"]
[SourceVersionDate "2020.10.23"]
[SourceQuality "1"]

1. Nf3 Nf6 2. g3 g6 3. Bg2 Bg7 4. 0-0 0-0 5. c4 c6 6. Nc3 d5 7. d4 Nbd7 8. cxd5 cxd5 9. Bf4 a6 10. Rc1 e6 11. Bd6 Re8 12. Ne5 Bf8 13. Bxf8 Rxf8 14. f4 Nxe5 15. fxe5 Nd7 16. e4 Nb6 17. b3 dxe4 18. Nxe4 Nd5 19. Nf6+ Kg7 20. Qd2 b5 21. Bxd5 exd5 22. Rf4 g5 23. Rf2 h6 24. h4 g4 25. Rf4 Be6 26. Rc6 Qe7 27. Rxe6 Qxe6 28. Rxg4+ Qxg4 29. Nxg4 Rh8 30. Qf4 Ra7 31. Qf6+ Kh7 32. Qxh6+ 1-0

[Event "Wloclawek CC Classic 06th"]
[Site "Wloclawek"]
[Date "2013.??.??"]
[Round "6"]
[White "Ptaszynski, Piotr"]
[Black "Jeziorny, Janusz"]
[Result "0-1"]
[WhiteElo "1800"]
[BlackElo "1666"]
[PlyCount "100"]
[EventDate "2013.03.??"]
[EventType "swiss"]
[EventRounds "7"]
[EventCountry "POL"]
[SourceTitle "EXT 2021"]
[Source "ChessBase"]
[SourceDate "2020.10.23"]
[SourceVersion "1"]
[SourceVersionDate "2020.10.23"]
[SourceQuality "1"]

1. e4 c6 2. f4 d5 3. e5 Bf5 4. d4 e6 5. Nf3 Qb6 6. Nbd2 Nd7 7. c3 c5 8. Qb3 c4 9. Qxb6 Nxb6 10. Nh4 Bc2 11. Be2 Be7 12. Nhf3 h5 13. h4 Nh6 14. Nf1 Bg6 15. Ng3 Nf5 16. Nxf5 Bxf5 17. g3 Nd7 18. Rh2 b5 19. a4 b4 20. cxb4 Bxb4+ 21. Bd2 Rb8 22. Bxb4 Rxb4 23. Bd1 a5 24. Ra2 Ke7 25. Nd2 g6 26. b3 c3 27. Nf3 Rc8 28. Bc2 Bxc2 29. Rhxc2 Rxb3 30. Ke2 Rc4 31. Kd3 Nb6 32. Ng1 Rxa4 33. Ne2 Rba3 34. Rxa3 Rxa3 35. Rxc3 Rxc3+ 36. Nxc3 Kd7 37. Nb5 Nc4 38. Nc3 Kc6 39. Kc2 Ne3+ 40. Kb3 Nf5 41. Ne2 Kb5 42. Nc3+ Kb6 43. Ne2 Ne3 44. Ka4 Nd1 45. Ng1 Nc3+ 46. Kb3 Ne4 47. Nf3 Nxg3 48. Ng5 Nf5 49. Nxf7 Nxd4+ 50. Ka3 Ne2 0-1

[Event "Wloclawek CC Classic 08th"]
[Site "Wloclawek"]
[Date "2013.??.??"]
[Round "1"]
[White "Ptaszynski, Piotr"]
[Black "Matusiak, Wieslaw"]
[Result "1/2-1/2"]
[WhiteElo "1800"]
[BlackElo "1000"]
[PlyCount "78"]
[EventDate "2013.06.??"]
[EventType "swiss"]
[EventRounds "7"]
[EventCountry "POL"]
[SourceTitle "EXT 2021"]
[Source "ChessBase"]
[SourceDate "2020.10.23"]
[SourceVersion "1"]
[SourceVersionDate "2020.10.23"]
[SourceQuality "1"]

1. e4 c6 2. d4 d5 3. e5 e6 4. Nf3 c5 5. Bb5+ Bd7 6. Bxd7+ Nxd7 7. c3 cxd4 8. cxd4 g6 9. 0-0 Bg7 10. Nc3 a6 11. Qb3 Qb6 12. Qxb6 Nxb6 13. b3 Ne7 14. Bd2 0-0 15. Rac1 Rac8 16. a4 Nc6 17. Na2 Nd7 18. Rc2 f6 19. exf6 Nxf6 20. Rfc1 Ne4 21. Be3 Na7 22. Rc7 Rxc7 23. Rxc7 Rf7 24. Rxf7 Kxf7 25. Ne1 Nc6 26. Nc2 Bf8 27. b4 b5 28. axb5 axb5 29. f3 Nd6 30. Kf2 Nc4 31. Ke2 Nxe3 32. Kxe3 Bh6+ 33. Kd3 Bg7 34. Nc3 Bf8 35. Nxb5 Nxb4+ 36. Nxb4 Bxb4 37. g4 g5 38. h3 Be1 39. Na7 Bg3 1/2-1/2

[Event "Wloclawek CC Classic 08th"]
[Site "Wloclawek"]
[Date "2013.??.??"]
[Round "3"]
[White "Ptaszynski, Piotr"]
[Black "Sujkowski, Dominik"]
[Result "1-0"]
[WhiteElo "1800"]
[BlackElo "1600"]
[PlyCount "83"]
[EventDate "2013.06.??"]
[EventType "swiss"]
[EventRounds "7"]
[EventCountry "POL"]
[SourceTitle "EXT 2021"]
[Source "ChessBase"]
[SourceDate "2020.10.23"]
[SourceVersion "1"]
[SourceVersionDate "2020.10.23"]
[SourceQuality "1"]

1. d4 d5 2. c4 c6 3. e3 Nf6 4. cxd5 cxd5 5. Nf3 Bg4 6. Qa4+ Bd7 7. Bb5 a6 8. Bxd7+ Qxd7 9. Qxd7+ Nbxd7 10. Nc3 e6 11. Bd2 Bb4 12. Na4 Bxd2+ 13. Nxd2 Rc8 14. Nc3 0-0 15. Ke2 b5 16. a3 Nb6 17. f3 Nc4 18. Nxc4 Rxc4 19. Kd2 Rfc8 20. Rac1 b4 21. Na2 bxa3 22. bxa3 Kf8 23. Rxc4 Rxc4 24. Rb1 Ke7 25. Rb4 Rc6 26. Ra4 Kd6 27. Nb4 Rb6 28. Rxa6 Rxa6 29. Nxa6 Kc6 30. a4 Kb6 31. Nc5 Ne8 32. Kd3 Nc7 33. Kc3 Ka5 34. g4 h6 35. h4 g6 36. f4 Na6 37. Nxa6 Kxa6 38. Kb4 f6 39. Kc5 g5 40. fxg5 fxg5 41. hxg5 hxg5 42. Kd6 1-0

[Event "Wloclawek-ch"]
[Site "Wloclawek"]
[Date "2012.??.??"]
[Round "9"]
[White "Ptaszynski, Piotr"]
[Black "Matusiak, Marcin"]
[Result "0-1"]
[WhiteElo "1600"]
[BlackElo "1600"]
[PlyCount "104"]
[EventDate "2012.09.??"]
[EventType "swiss"]
[EventRounds "9"]
[EventCountry "POL"]
[SourceTitle "EXT 2021"]
[Source "ChessBase"]
[SourceDate "2020.10.23"]
[SourceVersion "1"]
[SourceVersionDate "2020.10.23"]
[SourceQuality "1"]

1. d4 Nf6 2. Nf3 e6 3. g3 Be7 4. Bg2 Nc6 5. 0-0 0-0 6. Nbd2 d5 7. c3 Ne4 8. Nxe4 dxe4 9. Nd2 f5 10. e3 e5 11. Qb3+ Kh8 12. d5 Na5 13. Qb5 b6 14. b4 a6 15. Qe2 Nb7 16. Rd1 a5 17. Nc4 Bf6 18. a3 Nd6 19. Bb2 Ba6 20. Qc2 Bxc4 21. Bf1 Bxf1 22. Rxf1 Qe8 23. c4 c5 24. b5 f4 25. f3 Qg6 26. exf4 exf4 27. Bxf6 Rxf6 28. g4 exf3 29. Qxg6 Rxg6 30. Rac1 Re8 31. Kf2 Ne4+ 32. Kxf3 Nd2+ 33. Kf2 Nxf1 34. Kxf1 Rxg4 35. Kf2 g5 36. d6 Rd8 37. Kf3 Rh4 38. Rd1 Rd7 39. Ke4 Rxh2 40. Kd5 Rh6 41. Kc6 Rdxd6+ 42. Rxd6 Rxd6+ 43. Kxd6 f3 44. Kc6 f2 45. Kxb6 f1Q 46. Kxc5 Qf8+ 47. Kc6 g4 48. b6 Qc8+ 49. Kb5 g3 50. c5 g2 51. Kxa5 Qxc5+ 52. Ka6 g1Q 0-1

[Event "Wloclawek-ch"]
[Site "Wloclawek"]
[Date "2012.??.??"]
[Round "6"]
[White "Szarfemberg, Pawel"]
[Black "Ptaszynski, Piotr"]
[Result "1/2-1/2"]
[WhiteElo "1455"]
[BlackElo "1600"]
[PlyCount "109"]
[EventDate "2012.09.??"]
[EventType "swiss"]
[EventRounds "9"]
[EventCountry "POL"]
[SourceTitle "EXT 2021"]
[Source "ChessBase"]
[SourceDate "2020.10.23"]
[SourceVersion "1"]
[SourceVersionDate "2020.10.23"]
[SourceQuality "1"]

1. d4 Nf6 2. c4 e5 3. dxe5 Ng4 4. Bf4 Nc6 5. Nf3 Bb4+ 6. Nc3 Qe7 7. Qd5 f6 8. exf6 Nxf6 9. Qd3 0-0 10. a3 Bxc3+ 11. bxc3 d6 12. Nd4 Ne5 13. Bxe5 dxe5 14. Nf5 Qc5 15. e4 Bxf5 16. exf5 e4 17. Qd4 Qxf5 18. Be2 c5 19. Qe3 b6 20. 0-0 Rfe8 21. Rad1 Rad8 22. h3 Qc8 23. Qc1 Rxd1 24. Rxd1 Rd8 25. Qc2 Rxd1+ 26. Qxd1 Kf7 27. Bh5+ g6 28. Bg4 Qc7 29. Be2 Qd7 30. Qc2 h5 31. Kf1 Qe8 32. g4 hxg4 33. Bxg4 Qe5 34. Qa4 Qe7 35. Ke2 Qc7 36. Ke3 g5 37. Qd1 Kg6 38. Kd2 Qf4+ 39. Ke1 Kh6 40. Qd2 Nxg4 41. hxg4 Qxg4 42. Qd6+ Kh5 43. Qe7 Qf4 44. Qh7+ Kg4 45. Qd7+ Qf5 46. Qxa7 Qe6 47. Qa4 e3 48. Qd1+ Kh4 49. Qd5 exf2+ 50. Kxf2 Qf6+ 51. Kg2 Qxc3 52. Qe4+ g4 53. Qe7+ Kh5 54. Qh7+ Kg5 55. Qe7+ 1/2-1/2